La protección del medio ambiente
Збережено в:
| Автор: | |
|---|---|
| Формат: | Книга |
| Мова: | Іспанська |
| Опубліковано: |
Madrid
Instituto de Estudios de Administración Local
1976
|
| Предмети: | |
| Теги: |
Додати тег
Немає тегів, Будьте першим, хто поставить тег для цього запису!
|
MARC
| LEADER | 00000nam a2200000 a 4500 | ||
|---|---|---|---|
| 001 | UCU2811 | ||
| 003 | CL-VaPUC | ||
| 008 | 960426e19760000SP |||||||||||||||||spa|d | ||
| 082 | 0 | 4 | |a 333.72 |b CHA |2 21 |
| 100 | 0 | |a Chanlett, Emil T |e author |9 359349 | |
| 245 | 1 | 3 | |a La protección del medio ambiente |
| 300 | |a 601 p | ||
| 942 | |c BK | ||
| 945 | |d 19960426 00:00:00 |a lriquelm | ||
| 260 | |a Madrid |b Instituto de Estudios de Administración Local |c 1976 | ||
| 650 | 0 | |a Medio ambiente físico |9 347938 | |
| 650 | 0 | |a Medio ambiente natural |9 338575 | |
| 650 | 0 | |a Protección del medio ambiente |9 257626 | |
| 650 | 0 | |a Ecología |9 258124 | |
| 650 | 0 | |a Población |9 257577 | |
| 650 | 0 | |a Recursos naturales |9 255232 | |
| 650 | 7 | |a RECURSOS DE AGUA |2 CL-VaPUC |9 261958 | |
| 650 | 0 | |a Atmósfera |9 261875 | |
| 650 | 0 | |a Alimentos |9 256203 | |
| 650 | 7 | |a RADIACION ELECTROMAGNETICA |2 CL-VaPUC |9 345469 | |
| 583 | |a last modification |c 19960426 00:00:00 |k Rodrigo Vera | ||
| 999 | |c 247025 |d 247023 | ||
| 952 | |0 0 |1 0 |4 0 |6 333_720000000000000_CHA_1976 |7 0 |8 A |9 262540 |a BIBING |b BIBING |d 2019-11-19 |i 1646427 |o 333.72 CHA 1976 |p 1646427 |r 2025-01-20 |w 2019-11-19 |y BK |k CCL | ||